000
00332 a2200169 4500
001
181994
020
_a
85-08-02966-7
040
_c
Magnum
100
_a
Moretto, Vasco Pedro
240
1
0
_a
Mecânica
_l
por
245
1
0
_a
Mecânica
300
_a
320
362
0
_a
1989
440
1
_a
Ática
697
_a
MECÂNICA
942
_c
BK
999
_c
181994
_d
181994